| 000 | 00903nam a2200265 i 4500 | ||
|---|---|---|---|
| 001 | 105968 | ||
| 003 | ES-MaACL | ||
| 007 | t| | ||
| 008 | 060915s1975 fr ||||1| fre d | ||
| 020 | _a2-7071-0717-4 | ||
| 080 | _a338.439.63.053.3 (66 Sáhel) | ||
| 080 | _a308(66 Sáhel) | ||
| 110 | 2 |
_aComité Information Sáhel. _93088 |
|
| 245 | 1 | 0 |
_aQui se nourrit de la famine en Afrique? _b: le dossier politique de la faim au Sahel / _cComité Information Sahel. |
| 250 | _aEd. rev. et corr. | ||
| 260 |
_aParis : _bFrançois Maspero, _c1975. |
||
| 300 |
_a197 p. ; _c18 cm. |
||
| 490 | 1 |
_aPetite collection Maspero ; _v153 |
|
| 500 | _aBiblioteca Juan Andrade. | ||
| 650 | 1 | 4 |
_aHambre- _zSáhel (Región) _913295 |
| 651 | 4 |
_aSáhel (Región)- _xSituación social. _99351 |
|
| 830 | 0 |
_aPetite collection Maspero ; _v153 _9179674 |
|
| 852 |
_aES-MaACL _jAND-899 _bR.110187 |
||
| 999 |
_c105968 _d105968 |
||